Biblioteca

Bear on his owh / Smithsonian Institution (Registro nro. 48302)

Detalles MARC
000 -LÍDER
Campo fijo de descripción fija 003040000a22001330004500
020 ## - NÚMERO INTERNACIONAL NORMALIZADO PARA LIBROS
Número Internacional Normalizado del libro 1-56899-913-5
082 04 - NÚMERO DE CLASIFICACIÓN DECIMAL DEWEY
Número de clasificación B I Sm69b
001 - NÚMERO DE CONTROL
Campo de control 1128
110 1# - ASIENTO PRINCIPAL--NOMBRE CORPORATIVO
Nombre corporativo o de jurisdicción como elemento de entrada Smithsonian Institution
245 10 - TÍTULO
Título del Material Bear on his owh / Smithsonian Institution
300 ## - DESCRIPCIÓN FÍSICA
Extensión 14 P.
500 ## - NOTA GENERAL
Nota General Texto de pasta dura
942 ## - TIPO DE MATERIAL (KOHA)
Tipo de Item KOHA Z- Libro General BINCO
Existencias
Estado de Material Estado de Perdido Volumen-Parte/Tomo Estado de Dañado No para Préstamo Tomo Biblioteca de Origen Biblioteca Permanente Fecha de Adquisición Total de Préstamos Signatura Topográfica Código de Barras Última vez visto Ejemplar/Existencia Fecha de Remplazo Tipo de Material
            Biblioteca Infantil Comunitaria BINCO Biblioteca Infantil Comunitaria BINCO 26/04/2007   B I Sm69b B31308 24/11/2016 1 26/01/2016 Z- Libro General BINCO

Biblioteca FUSBC | Teléfono: (57+4) 349 88 10 Ext. 141| WhatsApp (+57) 3005338115 
E-mail: biblioteca@unisbc.edu.co | Calle 76 87-14 Robledo Palenque, Medellín, Colombia

Con tecnología Koha